[Event "Erfurt op-B 29th"]
[Site "Erfurt"]
[Date "2019.12.26"]
[Round "1"]
[White "Schieferstein, Michael"]
[Black "Dietrich, Mareike"]
[Result "1-0"]
[WhiteElo "1988"]
[BlackElo "1722"]
[PlyCount "65"]
[EventDate "2019.12.26"]
[EventType "swiss"]
[EventRounds "8"]
[EventCountry "GER"]
[SourceTitle "EXT 2021"]
[Source "ChessBase"]
[SourceDate "2020.10.23"]
[SourceVersion "1"]
[SourceVersionDate "2020.10.23"]
[SourceQuality "1"]

1. Nf3 Nf6 2. c4 e6 3. g3 b6 4. Bg2 Bb7 5. 0-0 Be7 6. b3 c5 7. Bb2 0-0 8. Nc3 d5 9. cxd5 exd5 10. d4 Nc6 11. e3 Re8 12. Rc1 Rc8 13. Ne5 cxd4 14. Nxc6 Bxc6 15. Qxd4 Bc5 16. Qh4 Ne4 17. Qxd8 Rexd8 18. Bh3 Rb8 19. Nxe4 dxe4 20. b4 Bb5 21. bxc5 Bxf1 22. Bxf1 bxc5 23. Bc3 f5 24. Bc4+ Kf8 25. h4 h5 26. a4 Rb7 27. Kf1 Rd6 28. Ke2 g5 29. hxg5 Rg6 30. Bf6 Rb4 31. a5 Rb7 32. Rd1 Rb8 33. Be6 1-0

[Event "BL2 Ost 1819 (Women)"]
[Site "Germany"]
[Date "2018.10.27"]
[Round "1.2"]
[White "Halas, Julia"]
[Black "Dietrich, Mareike"]
[Result "1/2-1/2"]
[WhiteElo "1972"]
[BlackElo "1714"]
[PlyCount "74"]
[EventDate "2018.10.27"]
[EventType "team-tourn"]
[EventRounds "7"]
[EventCountry "GER"]
[SourceTitle "CBM 190 Extra"]
[Source "ChessBase"]
[SourceDate "2019.07.15"]
[SourceVersion "1"]
[SourceVersionDate "2019.07.15"]
[SourceQuality "1"]
[WhiteTeam "Leipzig SG (W)"]
[BlackTeam "Saalfeld (W)"]
[WhiteTeamCountry "GER"]
[BlackTeamCountry "GER"]

1. d4 Nf6 2. c4 g6 3. Nc3 Bg7 4. e4 d6 5. Nf3 0-0 6. Be2 e5 7. Be3 Nc6 8. d5 Ne7 9. Nd2 Ne8 10. b4 f5 11. f3 f4 12. Bf2 Rf7 13. c5 g5 14. Nc4 Ng6 15. cxd6 cxd6 16. Nb5 Nh4 17. Bf1 Bf8 18. Bxa7 Rxa7 19. Nxa7 Bd7 20. b5 g4 21. b6 Rg7 22. Qe2 Nf6 23. 0-0-0 Be8 24. Qe1 Nd7 25. Qb4 Nc5 26. Qc3 Bh5 27. Be2 Nxg2 28. Rdg1 gxf3 29. Bxf3 Bxf3 30. Qxf3 Nh4 31. Rxg7+ Bxg7 32. Qg4 Nxe4 33. Rg1 Ng6 34. Qe6+ Kh8 35. Re1 Nc5 36. Qf5 Ne7 37. Qc2 Nxd5 1/2-1/2

[Event "GER-chT Federal Cup (Women)"]
[Site "Braunfels"]
[Date "2017.06.16"]
[Round "2.7"]
[White "Weiten, Katharina"]
[Black "Dietrich, Mareike"]
[Result "0-1"]
[WhiteElo "1187"]
[BlackElo "1723"]
[PlyCount "72"]
[EventDate "2017.06.15"]
[EventType "team-swiss"]
[EventRounds "5"]
[EventCountry "GER"]
[SourceTitle "CBM 179 Extra"]
[Source "ChessBase"]
[SourceDate "2017.08.23"]
[SourceVersion "1"]
[SourceVersionDate "2017.08.23"]
[SourceQuality "1"]
[WhiteTeam "Saarland (W)"]
[BlackTeam "Thueringen (W)"]
[WhiteTeamCountry "GER"]
[BlackTeamCountry "GER"]

1. e4 c5 2. c3 Nf6 3. d3 Nc6 4. Nf3 d6 5. Be3 e6 6. Nbd2 Be7 7. d4 cxd4 8. cxd4 Qa5 9. Bd3 Nb4 10. Qb3 Nxd3+ 11. Qxd3 Bd7 12. Qc3 Qa6 13. b3 Rc8 14. Qb2 d5 15. Ne5 Ba3 16. Qb1 Rc1+ 17. Qxc1 Bxc1 18. Rxc1 dxe4 19. Ndc4 0-0 20. 0-0 b5 21. Nxd7 Nxd7 22. Ne5 Nxe5 23. dxe5 h6 24. Rc7 Qxa2 25. Rxa7 Qxb3 26. Rc1 Qd5 27. Rac7 Rd8 28. h3 Qxe5 29. R7c5 Rd5 30. Rxd5 exd5 31. Rc5 Qa1+ 32. Kh2 d4 33. Bf4 Qb2 34. Re5 Qe2 35. Bc1 d3 36. Rd5 Qxf2 0-1

[Event "GER-chT U20"]
[Site "Osnabrueck"]
[Date "2015.12.29"]
[Round "6.5"]
[White "Werle, Joshua"]
[Black "Dietrich, Mareike"]
[Result "1-0"]
[WhiteElo "1651"]
[BlackElo "1660"]
[PlyCount "118"]
[EventDate "2015.12.27"]
[EventType "team-swiss"]
[EventRounds "7"]
[EventCountry "GER"]
[SourceTitle "EXT 2017"]
[Source "ChessBase"]
[SourceDate "2016.10.25"]
[SourceVersion "1"]
[SourceVersionDate "2016.10.25"]
[SourceQuality "1"]
[WhiteTeam "Frankfurt"]
[BlackTeam "Erfurt Empor"]
[WhiteTeamCountry "GER"]
[BlackTeamCountry "GER"]

1. d4 d5 2. c4 c6 3. Nf3 Nf6 4. Nbd2 Bf5 5. Nh4 Bg6 6. Qb3 Qb6 7. Qh3 e6 8. Nxg6 fxg6 9. Qxe6+ Be7 10. c5 Qc7 11. Nf3 Nbd7 12. g3 Nf8 13. Qe3 0-0-0 14. Bh3+ Kb8 15. Qa3 Nh5 16. 0-0 Re8 17. Bd2 Bd8 18. Rfe1 Ne6 19. Rac1 g5 20. Bxe6 Rxe6 21. Nxg5 Rg6 22. Nh3 Qf7 23. Qf3 Rf6 24. Qg2 h6 25. Nf4 g5 26. Nxh5 Qxh5 27. Rc3 Rhf8 28. Rf3 Rxf3 29. exf3 Rxf3 30. Re3 Rf8 31. g4 Qg6 32. Qf1 Rf4 33. f3 Rxd4 34. Bc3 Rc4 35. Be5+ Kc8 36. Bd6 b6 37. b3 d4 38. Re1 bxc5 39. Qxc4 Qxd6 40. Re6 Qd5 41. Qxd5 cxd5 42. Rc6+ Kd7 43. Rxc5 Kd6 44. Rc1 Ke5 45. Kf2 Kf4 46. Rc8 Bb6 47. Rf8+ Ke5 48. Ke2 Bc5 49. Rf5+ Ke6 50. Kd3 Bb6 51. b4 Bc7 52. Kxd4 Bxh2 53. Rxd5 Bg1+ 54. Ke4 Bb6 55. a4 Bf2 56. Ra5 Kf7 57. Kf5 Bb6 58. Ra6 Kg7 59. Rxb6 axb6 1-0

[Event "GER-ch U18 Girls"]
[Site "Oberhof"]
[Date "2012.05.27"]
[Round "2"]
[White "Dietrich, Mareike"]
[Black "Zeller, Elisa"]
[Result "0-1"]
[WhiteElo "1433"]
[BlackElo "1869"]
[PlyCount "58"]
[EventDate "2012.05.27"]
[EventType "swiss"]
[EventRounds "9"]
[EventCountry "GER"]
[SourceTitle "CBM 148 Extra"]
[Source "ChessBase"]
[SourceDate "2012.06.22"]
[SourceVersion "1"]
[SourceVersionDate "2012.06.22"]
[SourceQuality "1"]

1. e4 c5 2. Nf3 d6 3. d4 cxd4 4. Nxd4 Nf6 5. Nc3 a6 6. f3 Nc6 7. Be3 e5 8. Nb3 Be6 9. Qd2 b5 10. 0-0-0 Na5 11. Kb1 Nc4 12. Bxc4 bxc4 13. Nc1 Qd7 14. g4 Rb8 15. g5 Qb7 16. b3 Nd7 17. Nd5 Rc8 18. f4 Nc5 19. Bxc5 Rxc5 20. fxe5 Bxd5 21. exd5 dxe5 22. Rhf1 Bd6 23. Ne2 0-0 24. Ng3 c3 25. Qd3 Qb4 26. Qxa6 Ra5 27. Qc4 Qxc4 28. bxc4 Rb8+ 29. Ka1 Rb2 0-1

[Event "GER-ch Net qual2 U18"]
[Site "Playchess.com INT"]
[Date "2011.05.04"]
[Round "1"]
[White "Moritz, Aron"]
[Black "Dietrich, Mareike"]
[Result "1-0"]
[WhiteElo "1979"]
[BlackElo "1477"]
[PlyCount "45"]
[EventDate "2011.05.04"]
[EventType "swiss (blitz)"]
[EventRounds "7"]
[EventCountry "GER"]
[SourceTitle "CBM 142 Extra"]
[Source "ChessBase"]
[SourceDate "2011.06.27"]
[SourceVersion "1"]
[SourceVersionDate "2011.06.27"]
[SourceQuality "1"]

1. e4 c5 2. Nf3 e6 3. d4 cxd4 4. Nxd4 Bc5 5. Nb3 Bb6 6. Bd3 Ne7 7. Qe2 0-0 8. 0-0 Nbc6 9. c4 Qc7 10. Nc3 Nb4 11. Nb5 Qc6 12. N3d4 Qc5 13. Be3 Nxd3 14. Qxd3 Ng6 15. Nxe6 Qe7 16. Nxf8 Nxf8 17. Bxb6 axb6 18. Rfd1 Ne6 19. h3 Nc5 20. Qd5 Qh4 21. e5 Ra4 22. b3 Ra5 23. b4 1-0